000 00337nam a2200133Ia 4500
008 240624s9999 xx 000 0 und d
041 _aeng
082 _a425 DIX
100 _aDIXSON
245 _aCOMPLETE COURSE IN ENGLISH
260 _c2008
_aNew Delhi
_bPrentice-Hall of India
300 _avi, , 169 , 24 : p. : cm.
365 _cRS
_b36
999 _c9966
_d9966